Las sociedades cooperativas : (Record no. 162393)

MARC details
000 -LEADER
campo de control de longitud fija 00902nam a22001935i 4500
001 - NÚMERO DE CONTROL
campo de control 162393
003 - IDENTIFICADOR DE NÚMERO DE CONTROL
campo de control ES-MaACL
005 - FECHA Y HORA DE LA ÚLTIMA TRANSACCIÓN
campo de control 20230906212520.0
008 - DATOS DE LONGITUD FIJA--INFORMACIÓN GENERAL
campo de control de longitud fija 041112s1867 sp |||| | spa d
080 ## - NÚMERO DE LA CLASIFICACIÓN DECIMAL UNIVERSAL
Número de la Clasificación Decimal Universal 334.73(460)
100 1# - ENTRADA PRINCIPAL--NOMBRE DE PERSONA
Nombre de persona Polo de Bernabé, Antonio.
9 (RLIN) 131247
245 14 - MENCIÓN DEL TÍTULO
Título Las sociedades cooperativas :
Resto del título su organización, sus progresos y su influencia en el porvenir de la clase obrera : memoria /
Mención de responsabilidad, etc. escrita por Antonio Polo de Bernabé.
260 ## - PUBLICACIÓN, DISTRIBUCIÓN, ETC.
Lugar de publicación, distribución, etc. Valencia :
Nombre del editor, distribuidor, etc. [s.n.],
Fecha de publicación, distribución, etc. 1867 (
Fabricante Imp. de José Rius)
300 ## - DESCRIPCIÓN FÍSICA
Extensión 102, [2] p. ;
Dimensiones 23 cm.
594 ## - Nota al título y mención de responsabilidad
Nota al título y mención de responsabilidad Memoria premiada por la Sociedad Económica de Amigos del País de Valencia en el concurso público de 1867.
650 #4 - PUNTO DE ACCESO ADICIONAL DE MATERIA--TÉRMINO DE MATERIA
Término de materia o nombre geográfico como elemento de entrada Cooperativas-
Subdivisión geográfica España.
9 (RLIN) 163138
710 2# - ENTRADA AGREGADA--NOMBRE DE ENTIDAD CORPORATIVA
Nombre de entidad corporativa o nombre de jurisdicción como elemento de entrada Sociedad Económica de Amigos del País de Valencia.
9 (RLIN) 134879
852 4# - LOCALIZACIÓN
Ubicación ES-MaACL
Número de control de estantería T-95-F-12
Nota libre - Enc. hol., falto de cub. original
-- - Enc. en un vol. facticio
Holdings
Estatus retirado Estado de pérdida Estado de daño No para préstamo Colección Biblioteca de origen Biblioteca actual Ubicación en estantería Fecha de adquisición Total de préstamos Signatura topográfica completa Código de barras Visto por última vez Precio de reemplazo Tipo de ítem Koha
        Colección de folletos Biblioteca del Ateneo de Madrid Biblioteca del Ateneo de Madrid Depósito folletos 17/01/2008   T-95-F-12 1170128 23/02/2023 23/02/2023 Folleto